Η Αγία Γραφή / Η Παλαιά Διαθήκη κατά τους Εβδομήκοντα (Record no. 5669)
[ view plain ]
| 000 -LEADER | |
|---|---|
| fixed length control field | 01442cam a22001814a 4500 |
| 005 - ΗΜΕΡΟΜΗΝΙΑ ΚΑΙ ΩΡΑ ΤΕΛΕΥΤΑΙΑΣ ΕΝΗΜΕΡΩΣΗΣ | |
| Πεδίο ελέγχου | 20250605163511.0 |
| 008 - FIXED-LENGTH DATA ELEMENTS--GENERAL INFORMATION | |
| Πεδίο ελέγχου σταθερού μήκους | 250528s ||||||||||||||||||||||||d |
| 035 ## - SYSTEM CONTROL NUMBER | |
| System control number | 20578 |
| 040 ## - ΠΗΓΗ ΚΑΤΑΛΟΓΟΓΡΑΦΗΣΗΣ | |
| Φορέας πρωτότυπης καταλογογράφησης | MC Athens Campus Library |
| Γλώσσα καταλογογράφησης | Ελληνικά, Μοντέρνα (1453-) |
| Modifying agency | MC Athens Campus Library |
| Κανόνες περιγραφικής καταλογογράφησης | AACR2 |
| 245 1# - ΤΙΤΛΟΣ ΚΑΙ ΔΗΛΩΣΗ ΥΠΕΥΘΥΝΟΤΗΤΑΣ | |
| Τίτλος | Η Αγία Γραφή / Η Παλαιά Διαθήκη κατά τους Εβδομήκοντα |
| 250 ## - EDITION STATEMENT | |
| Edition statement | 13η |
| 260 ## - PUBLICATION, DISTRIBUTION, ETC. | |
| Name of publisher, distributor, etc. | Αδελφότητας Θεολόγων Η ''Ζωή'', |
| Date of publication, distribution, etc. | 1994 |
| 300 ## - PHYSICAL DESCRIPTION | |
| Extent | 1074 |
| 520 ## - SUMMARY, ETC. | |
| Summary, etc. | Έγκρισει της Δ. Ιεράς Συνόδου της Εκκλησίας της Ελλάδος. Γένεσις, Έξοδος, Λευτικόν, Αριθμοί, Δευτερονόμιον, Ιησούς Ναυή, Κριταί, Ρουθ, Βασιλείων Α'-Β-Γ-Δ, Παραλειπόμενων Α'-Β', Εσδράς Α'-Β', Νέεμαις, Τωβιτ, Ιουδίθ, Εσθήρ, Μακκαβαίων Α'-Β'-Γ', Ψαλμοί, Ιώβ, Παροιμία Σολομώντος, Εκκλησιαστής, Άσμα, Σοφία Σολομώντος, Σοφία Σειράχ, Ώσηε, Άμως, Μιχαίας, Ιωήλ, Έβδιου, Ιωνάς, Ναούμ, Αμβακούμ, Σοφονίας, Αγγαίος, Ζαχαρίας, Μαλαχίας, Ησαϊας, Ιερεμίας, Βαρούχ, Θρήνοι Ιερέμιου, Επιστολή, Ιεζεκιήλ, Δανιήλ, Παράρτημα Μακκαβαίων Δ'. |
| 942 ## - ADDED ENTRY ELEMENTS (KOHA) | |
| Koha item type | Books |
| Τύπος τεκμηρίου | Βιβλιοθήκη | Τρέχουσα τοποθεσία | Barcode | Αριθμός εισαγωγής | Ημερομηνία απόκτησης | Ταξιθετικό σύμβολο | Αριθμός αντιτύπου | Κατάσταση απόσυρσης | Κατάσταση χαμένου | Κατάσταση κατεστραμμένου | Μη δανεισμός | Σύνολο δανεισμών | Ημερομηνία τελευταίας εμφάνισης | Η τιμή ισχύει από |
|---|---|---|---|---|---|---|---|---|---|---|---|---|---|---|
| Books | MC Athens Campus Library | MC Athens Campus Library | 9780000056689 | 7068 | 05/06/2025 | REF 220 ZOI | 1 | 05/06/2025 | 05/06/2025 |